El jardín de al lado
Na minha lista:
| Autor principal: | |
|---|---|
| Formato: | Livro |
| Idioma: | espanhol |
| Publicado em: |
Santiago
Aguilar Chilena Ediciones Ltda
1996
|
| Edição: | 1a. ed |
| Assuntos: | |
| Tags: |
Adicionar Tag
Sem tags, seja o primeiro a adicionar uma tag!
|
MARC
| LEADER | 00000cam a2200000 a 4500 | ||
|---|---|---|---|
| 001 | UCN9423 | ||
| 003 | CL-VaPUC | ||
| 008 | 011207e19960000CL |||||||||||||||||spa|d | ||
| 020 | |a 9562390160 | ||
| 082 | 0 | 4 | |a Ch863 |b DON |2 21 |
| 100 | 0 | |a Donoso, José |e author |9 313758 | |
| 245 | 1 | 3 | |a El jardín de al lado |
| 250 | |a 1a. ed | ||
| 300 | |a 274 p | ||
| 942 | |c BK | ||
| 945 | |d 20011207 00:00:00 |a cmena | ||
| 260 | |a Santiago |b Aguilar Chilena Ediciones Ltda |c 1996 | ||
| 650 | 0 | |a Novelas chilenas |9 265425 | |
| 650 | 0 | |a Literatura chilena |9 308278 | |
| 583 | |a last modification |c 20160805 09:43:08 |k Rodrigo Vera | ||
| 999 | |c 298855 |d 298853 | ||
| 952 | |0 0 |1 0 |4 0 |6 CH_863_000000000000000_DON_1996 |7 0 |8 A |9 354823 |a BIBEDU |b BIBEDU |d 2019-11-21 |i 363793K |l 1 |o Ch863 DON 1996 |p 363793K |r 2023-03-21 |s 2023-03-14 |w 2019-11-21 |y BK |k LIT | ||
| 952 | |0 0 |1 0 |3 erb |4 0 |6 CH_863_000000000000000_DON_1996 |7 0 |8 A |9 354824 |a BIBEDU |b BIBEDU |i 5336805 |l 1 |o Ch863 DON 1996 |p 5336805 |r 2022-09-21 |s 2022-09-13 |w 2019-11-21 |y BK |z Catalogado en:20160807 |k EPE | ||